Roy Lichtenstein /

Blondes, superheroes and Mickey Mouse - with his drastically enlarged comic subjects, Lichtenstein caused a commotion in the art world of the 1960s. In 1964, a New York Times headline read: "One of the Worst Artists in America." Since then, the American artist who died in 1997 has come to...

Full description

Bibliographic Details
Other Authors: Hunt, Chris, 1954- (Director, Producer, Interviewer), Bragg, Melvyn, 1939- (Narrator)
Format: Video
Language:English
Language Notes:In English.
Published: Halle, Saxony-Anhalt, Germany : Monarda Arts, 1990.
Series:Academic Video Online
Subjects:
Online Access:Connect to this streaming video (Alexander Street Press)

MARC

Tag First Indicator Second Indicator Subfields
LEADER 00000cgm a2200000 i 4500
001 in00005602829
006 m o c
007 cr |n||||||||a
007 vz |za|z|
008 220104s1990 gw 049 e o vneng d
005 20241201234313.1
035 |a (OCoLC)on1292095256 
040 |a ALSTP  |b eng  |e rda  |c ALSTP  |d OCLCO  |d OCLCF  |d OCLCO  |d OCLCQ  |d OCLCL  |d NUI  |d OCLCQ 
019 |a 1373443840  |a 1430830313  |a 1444010517 
035 |a (OCoLC)1292095256  |z (OCoLC)1373443840  |z (OCoLC)1430830313  |z (OCoLC)1444010517 
043 |a n-us--- 
082 0 4 |a 759.13  |q OCoLC  |2 20/eng/20230216 
049 |a TXAM 
245 0 0 |a Roy Lichtenstein /  |c produced & directed by Chris Hunt ; an Iambic Production for LWT. 
264 1 |a Halle, Saxony-Anhalt, Germany :  |b Monarda Arts,  |c 1990. 
300 |a 1 online resource (49 minutes) 
306 |a 004843 
336 |a two-dimensional moving image  |b tdi  |2 rdacontent 
337 |a computer  |b c  |2 rdamedia 
337 |a video  |b v  |2 rdamedia 
338 |a online resource  |b cr  |2 rdacarrier 
347 |a video file  |2 rdaft 
490 0 |a Academic Video Online 
500 |a Title from title screen (viewed January 04, 2022). 
508 |a Edited and presented by Melvyn Bragg ; film cameraman, Les Young. 
511 0 |a Interviewer: Chris Hunt ; interviewee: Roy Lichtenstein. 
520 |a Blondes, superheroes and Mickey Mouse - with his drastically enlarged comic subjects, Lichtenstein caused a commotion in the art world of the 1960s. In 1964, a New York Times headline read: "One of the Worst Artists in America." Since then, the American artist who died in 1997 has come to rank as one of the greatest icons of pop art next to Andy Warhol. Benday dots became his trademark, his artworks seemingly anonymous, mechanical reproductions in the age of mass media, Disneyland and billboards. Chris Hunt met the likable artist in his New York studio and found himself face to face with a great painter as well as a "closet classicist". 
546 |a In English. 
600 1 0 |a Lichtenstein, Roy,  |d 1923-1997  |v Interviews. 
600 1 7 |a Lichtenstein, Roy,  |d 1923-1997.  |2 fast  |0 (OCoLC)fst00018256  |1 https://id.oclc.org/worldcat/entity/E39PBJcBWkWhb7364M3CpgB9Dq 
650 0 |a Pop art  |z United States. 
650 0 |a Painters  |z United States  |v Biography. 
650 0 |a Art, American  |y 20th century. 
650 6 |a Pop'art  |z États-Unis. 
650 6 |a Peintres  |z États-Unis  |v Biographies. 
650 6 |a Art américain  |y 20e siècle. 
650 7 |a Art, American.  |2 fast  |0 (OCoLC)fst00815895 
650 7 |a Painters.  |2 fast  |0 (OCoLC)fst01050530 
650 7 |a Pop art.  |2 fast  |0 (OCoLC)fst01071250 
651 7 |a United States.  |2 fast  |0 (OCoLC)fst01204155  |1 https://id.oclc.org/worldcat/entity/E39PBJtxgQXMWqmjMjjwXRHgrq 
648 7 |a 1900-1999  |2 fast 
655 2 |a Interview 
655 7 |a interviews.  |2 aat 
655 7 |a Biographical television programs.  |2 fast  |0 (OCoLC)fst01726117 
655 7 |a Biographies.  |2 fast  |0 (OCoLC)fst01919896 
655 7 |a Documentary television programs.  |2 fast  |0 (OCoLC)fst01710387 
655 7 |a Interviews.  |2 fast  |0 (OCoLC)fst01423832 
655 7 |a Nonfiction television programs.  |2 fast  |0 (OCoLC)fst01710270 
655 7 |a Documentary television programs.  |2 lcgft 
655 7 |a Biographical television programs.  |2 lcgft 
655 7 |a Nonfiction television programs.  |2 lcgft 
655 7 |a Interviews.  |2 lcgft 
655 7 |a Documentaires télévisés.  |2 rvmgf 
655 7 |a Biographies télévisées.  |2 rvmgf 
655 7 |a Émissions télévisées autres que de fiction.  |2 rvmgf 
655 7 |a Interviews.  |2 rvmgf 
700 1 |a Hunt, Chris,  |d 1954-  |e director,  |e producer,  |e interviewer.  |1 https://id.oclc.org/worldcat/entity/E39PCjyG8qjJWJhy7mbrrttFXb 
700 1 |a Lichtenstein, Roy,  |d 1923-1997,  |e interviewee.  |1 https://id.oclc.org/worldcat/entity/E39PBJcBWkWhb7364M3CpgB9Dq 
700 1 |a Bragg, Melvyn,  |d 1939-  |e narrator,  |e editor of moving image work.  |1 https://id.oclc.org/worldcat/entity/E39PBJx4jhXfkhKpjHFfxDfTHC 
710 2 |a Iambic Productions,  |e production company. 
710 2 |a London Weekend Television (Firm),  |e production company. 
710 2 |a Monarda Arts (Firm),  |e film distributor. 
730 0 |i In series:  |a South Bank show (Television program) 
856 4 0 |u http://proxy.library.tamu.edu/login?url=https://www.aspresolver.com/aspresolver.asp?MARC;5137864  |z Connect to this streaming video (Alexander Street Press)  |t 0 
955 |a Alexander Street Press subscription streaming video 
994 |a 92  |b TXA 
999 f f |s bed7f7a7-beb7-46fc-a3c6-0c4b259ca292  |i ca99be40-92cc-4e6f-bcd3-5e2e59119866  |t 0 
952 f f |a Texas A&M University  |b College Station  |c Electronic Resources  |d Available Online  |t 0  |h Library of Congress classification 
998 f f |t 0  |l Available Online